00386 2200157 4500001002100000005001500021035002000036245004000056100001900096300001100115260005000126082000800176084001400184020001800198990001200216INLIS00000000000179720250506094138 a0010-05250000891 aPohon Dalam Perut /cVaruni Dian W.0 aVaruni Dian W. a90 hlm aJakarta :bPT. Era Adicitra Intermedia,c2008 a813 a813 VAR p a979-3414-58-8 a0754576